| 000 | 00682nam a2200241 a 4500 | ||
|---|---|---|---|
| 001 | 0001-1306 | ||
| 003 | ELIB.Books | ||
| 008 | 150709 2010 eng | ||
| 020 | _a9789971696924 | ||
| 035 | _a(ELIB.Books)0001-1461 | ||
| 092 |
_a280.042 _bPoo |
||
| 100 | _aPoon, Michael Nai-Chiu | ||
| 245 |
_aMission, Memory and Communion: _bDocumenting World Christianity in the Twenty-First Century |
||
| 260 |
_aSingapore _bTrinity Theological College _c2013 |
||
| 300 |
_a213 _c22.5 Cm |
||
| 500 | _aLibrary | ||
| 650 | _aEcumenical | ||
| 856 |
_nKBTS: Library _uKBTS: Elib |
||
| 942 |
_2ddc _cBK |
||
| 990 | _a1 | ||
| 998 |
_cbat _e2015-07-09 |
||
| 999 |
_c11306 _d11306 |
||